[Event "C.to Italiano U14"]
[Site "Montesilvano ITA"]
[Date "2015.06.29"]
[Round "1"]
[White "Botta, Massimiliano"]
[Black "D'Esposito, Antonino"]
[WhiteElo "2031"]
[BlackElo "1464"]
[Result "1-0"]
[PlyCount "49"]
[EventDate "2015.06.29"]

1. e4 c5 2. Nf3 Nc6 3. Bb5 a6 4. Bxc6 bxc6 5. O-O d6 6. d3 h6 7. Nbd2 e5 8. c3
Be6 9. d4 cxd4 10. cxd4 Qc7 11. b3 Nf6 12. Bb2 Nd7 13. Rc1 Bg4 14. h3 Bxf3 15.
Nxf3 Be7 16. Qd2 O-O 17. Rc2 exd4 18. Nxd4 c5 19. Nf5 Ne5 20. f4 Nc6 21. Bxg7
Rfe8 22. Qe2 Bf8 23. Qg4 Ne7 24. Nxe7+ Qxe7 25. Bf6+ 1-0

[Event "C.to Italiano U14"]
[Site "Montesilvano ITA"]
[Date "2015.06.29"]
[Round "1"]
[White "Masera, Lorenzo"]
[Black "Di Benedetto, Edoardo"]
[WhiteElo "1469"]
[BlackElo "2231"]
[Result "0-1"]
[PlyCount "62"]
[EventDate "2015.06.29"]

1. d4 d5 2. Bf4 Nf6 3. e3 c5 4. c3 Nc6 5. Nf3 Bg4 6. Be2 e6 7. Nbd2 Bd6 8. Bxd6
Qxd6 9. h3 Bxf3 10. Nxf3 O-O 11. O-O Rad8 12. Re1 e5 13. Rc1 a6 14. a3 Rfe8 15.
Bf1 Re7 16. Qc2 Rde8 17. Qb1 Nd7 18. Rcd1 cxd4 19. cxd4 e4 20. Nd2 f5 21. b4
Rf7 22. b5 axb5 23. Qxb5 Nf8 24. a4 f4 25. Nb3 Ne6 26. Na5 Qc7 27. Nxc6 bxc6
28. Qb3 fxe3 29. fxe3 Qg3 30. Qc2 Ng5 31. Re2 Nf3+ 0-1

[Event "C.to Italiano U14"]
[Site "Montesilvano ITA"]
[Date "2015.06.29"]
[Round "1"]
[White "Meharunkar, Prabhav"]
[Black "Iannello, Andrea"]
[WhiteElo "1464"]
[BlackElo "1985"]
[Result "0-1"]
[PlyCount "120"]
[EventDate "2015.06.29"]

1. e4 c5 2. Nf3 d6 3. d4 cxd4 4. Nxd4 Nf6 5. Nc3 a6 6. Bc4 e6 7. Be3 Nbd7 8.
O-O Nc5 9. Bd3 Be7 10. b4 Nxd3 11. Qxd3 O-O 12. Rfe1 Ng4 13. h3 Ne5 14. Qe2 Qc7
15. Nd1 Nc4 16. a4 e5 17. Nf3 h6 18. Nc3 Be6 19. Nd2 Rac8 20. Nxc4 Qxc4 21.
Qxc4 Rxc4 22. Bd2 Bg5 23. Bxg5 hxg5 24. Nd5 Bxd5 25. exd5 Rxc2 26. b5 axb5 27.
axb5 Rc5 28. b6 Rxd5 29. Ra7 Rb8 30. Rc1 Rb5 31. Kf1 Rxb6 32. Ke2 Rc6 33. Rxc6
bxc6 34. Rc7 Rb6 35. Kf3 f5 36. g4 Rb3+ 37. Kg2 fxg4 38. hxg4 Rc3 39. Kf1 Kh7
40. Ke2 Kg6 41. Kd2 Rc4 42. f3 Rd4+ 43. Ke3 c5 44. Rc6 Kf6 45. Ke2 e4 46. fxe4
Rxe4+ 47. Kf3 Rf4+ 48. Kg3 Ke5 49. Rc7 g6 50. Rg7 Rf6 51. Re7+ Kd4 52. Re1 c4
53. Rd1+ Kc5 54. Rc1 d5 55. Kg2 d4 56. Rf1 Rxf1 57. Kxf1 c3 58. Ke1 Kc4 59. Kd1
Kd3 60. Kc1 c2 0-1

[Event "C.to Italiano U14"]
[Site "Montesilvano ITA"]
[Date "2015.06.29"]
[Round "1"]
[White "Palozza, Christian"]
[Black "Melotti, Michele"]
[WhiteElo "1971"]
[BlackElo "1464"]
[Result "1-0"]
[PlyCount "59"]
[EventDate "2015.06.29"]

1. d4 d5 2. Nc3 Nf6 3. Bg5 c6 4. Bxf6 gxf6 5. e4 Bg7 6. exd5 cxd5 7. Qf3 e6 8.
Nge2 Nc6 9. O-O-O Bd7 10. Qe3 Ne7 11. Ng3 Rc8 12. Kb1 a6 13. f4 Qc7 14. Nh5 Rg8
15. Bd3 f5 16. g4 Qb6 17. Ne2 Bb5 18. g5 Bxd3 19. Rxd3 Nc6 20. Nxg7+ Rxg7 21.
Ng3 Kd8 22. Nh5 Rg6 23. Nf6 h6 24. h4 Na5 25. h5 Rg7 26. gxh6 Rg2 27. h7 Rcxc2
28. h8=Q+ Kc7 29. Qe5+ Kc6 30. Qe8# 1-0

[Event "C.to Italiano U14"]
[Site "Montesilvano ITA"]
[Date "2015.06.29"]
[Round "1"]
[White "Sonis, Francesco"]
[Black "Poli, Gianriccardo"]
[WhiteElo "2241"]
[BlackElo "1482"]
[Result "1-0"]
[PlyCount "37"]
[EventDate "2015.06.29"]

1. Nf3 Nc6 2. d4 d5 3. c4 Nf6 4. cxd5 Qxd5 5. Nc3 Qa5 6. Bd2 Qb6 7. e3 Nb4 8.
Ne5 Be6 9. Na4 Qd6 10. Nc5 Qb6 11. Nxe6 fxe6 12. Nc4 Qc6 13. Bxb4 b6 14. Ne5
Qd5 15. Bc4 Qb7 16. Bb5+ Kd8 17. Qa4 Rb8 18. Bc6 Qc8 19. Nf7# 1-0

[Event "C.to Italiano U14"]
[Site "Montesilvano ITA"]
[Date "2015.06.30"]
[Round "2"]
[White "Andreozzi, Francesco"]
[Black "Botta, Massimiliano"]
[WhiteElo "1663"]
[BlackElo "2031"]
[Result "0-1"]
[PlyCount "76"]
[EventDate "2015.06.29"]

1. e4 e5 2. Nf3 Nc6 3. Bc4 Nf6 4. d3 Be7 5. O-O d6 6. h3 O-O 7. Re1 Na5 8. Nc3
c6 9. Bg5 h6 10. Bxf6 Bxf6 11. Qe2 Qc7 12. Rad1 b5 13. Bb3 Nxb3 14. axb3 Bd7
15. d4 exd4 16. Nxd4 b4 17. Na4 Rfe8 18. Qd3 Rad8 19. f4 Qb7 20. Nf3 c5 21. Ra1
Bc6 22. Nd2 Rd7 23. Rab1 Bd4+ 24. Kh2 Rde7 25. c3 Bf6 26. e5 Bxa4 27. bxa4 dxe5
28. fxe5 Bxe5+ 29. Kh1 Bf6 30. Rxe7 Qxe7 31. Nf3 Qe2 32. Qd1 Qxd1+ 33. Rxd1
bxc3 34. bxc3 Bxc3 35. Rd5 Rc8 36. Nd2 Bxd2 37. Rxd2 c4 38. Rc2 f6 0-1

[Event "C.to Italiano U14"]
[Site "Montesilvano ITA"]
[Date "2015.06.30"]
[Round "2"]
[White "Cagnotto, Marco"]
[Black "Palozza, Christian"]
[WhiteElo "1648"]
[BlackElo "1971"]
[Result "0-1"]
[PlyCount "102"]
[EventDate "2015.06.29"]

1. e4 c6 2. d4 d5 3. exd5 cxd5 4. c4 Nf6 5. Nc3 g6 6. Nf3 Bg7 7. cxd5 O-O 8.
Bd3 Nxd5 9. O-O Bg4 10. Be4 Nxc3 11. bxc3 Qc7 12. Bd2 Nc6 13. h3 Bxf3 14. Qxf3
Rac8 15. Rfe1 e6 16. Rab1 Qd7 17. Re2 b6 18. Rd1 Na5 19. Bd3 Qa4 20. Ra1 Nc4
21. Bxc4 Qxc4 22. Be1 Rfd8 23. Rb1 Bf8 24. Qe3 Rd5 25. f4 b5 26. Reb2 a5 27.
Qe2 Qxe2 28. Rxe2 Ba3 29. Re5 Rxe5 30. fxe5 Rb8 31. Kf1 Kf8 32. Ke2 Ke7 33. Bd2
f6 34. Bf4 fxe5 35. Bxe5 Bd6 36. Bxd6+ Kxd6 37. a3 e5 38. Kd3 exd4 39. Kxd4 Kc6
40. Rf1 Rd8+ 41. Ke3 Rd7 42. Rf8 Kd5 43. Rb8 Kc4 44. Rc8+ Kb3 45. Rc5 Rb7 46.
c4 bxc4 47. Kd4 Rd7+ 48. Ke3 c3 49. Rb5+ Kxa3 50. Rxa5+ Kb4 51. Ra8 c2 0-1

[Event "C.to Italiano U14"]
[Site "Montesilvano ITA"]
[Date "2015.06.30"]
[Round "2"]
[White "Di Benedetto, Edoardo"]
[Black "Rotolante, Stefano"]
[WhiteElo "2231"]
[BlackElo "1677"]
[Result "1-0"]
[PlyCount "101"]
[EventDate "2015.06.29"]

1. e4 c5 2. Nf3 d6 3. Bb5+ Bd7 4. Bxd7+ Nxd7 5. O-O a6 6. c4 Ngf6 7. Qe2 e5 8.
Nc3 Be7 9. d3 O-O 10. Ne1 Re8 11. f4 exf4 12. Bxf4 Nf8 13. Qf3 Ng6 14. Bg3 Qd7
15. Nc2 b5 16. b3 Bd8 17. Ne3 Ne5 18. Bxe5 Rxe5 19. Nf5 b4 20. Nd5 Nxd5 21.
cxd5 a5 22. Qg4 Rxf5 23. Rxf5 g6 24. Qg3 Bh4 25. Qxh4 gxf5 26. Qg5+ Kh8 27.
exf5 Qd8 28. f6 Qg8 29. Qf4 Qg6 30. Qxd6 Rg8 31. g3 Qxd3 32. Qxc5 Re8 33. Rf1
h6 34. Qc4 Qe3+ 35. Kh1 Re4 36. Qc8+ Re8 37. Qg4 Rg8 38. Qf4 Qxf4 39. Rxf4 Rd8
40. Rf5 Kh7 41. g4 Rd6 42. Kg2 Kg6 43. Kf3 h5 44. h3 hxg4+ 45. hxg4 a4 46. Ke4
axb3 47. axb3 Ra6 48. Kd4 Ra2 49. Kc4 Rg2 50. Rf4 Kg5 51. Rd4 1-0

[Event "C.to Italiano U14"]
[Site "Montesilvano ITA"]
[Date "2015.06.30"]
[Round "2"]
[White "Forti, Francesco"]
[Black "Sonis, Francesco"]
[WhiteElo "1677"]
[BlackElo "2241"]
[Result "0-1"]
[PlyCount "52"]
[EventDate "2015.06.29"]

1. d4 Nf6 2. c4 c5 3. d5 b5 4. cxb5 a6 5. bxa6 g6 6. Nc3 Bxa6 7. g3 d6 8. Bg2
Bg7 9. e4 Nfd7 10. Nge2 Ne5 11. O-O Nd3 12. f4 Qb6 13. Qd2 Nd7 14. Rf3 c4+ 15.
Qe3 Nxc1 16. Rxc1 Qxb2 17. Rb1 Qa3 18. Bf1 O-O 19. Nd4 Nc5 20. Qd2 Nxe4 21.
Nxe4 Bxd4+ 22. Kg2 c3 23. Nxc3 Bxc3 24. Qxc3 Qxa2+ 25. Qb2 Bxf1+ 26. Kxf1 Qxd5
0-1

[Event "C.to Italiano U14"]
[Site "Montesilvano ITA"]
[Date "2015.06.30"]
[Round "2"]
[White "Iannello, Andrea"]
[Black "Dicorato, Antonio Donato"]
[WhiteElo "1985"]
[BlackElo "1664"]
[Result "1/2-1/2"]
[PlyCount "97"]
[EventDate "2015.06.29"]

1. Nf3 Nf6 2. c4 e6 3. b3 b6 4. g3 Bb7 5. Bg2 d5 6. Bb2 Nbd7 7. O-O Be7 8. d4
O-O 9. Nc3 c5 10. cxd5 Nxd5 11. Nxd5 Bxd5 12. Nd2 Bxg2 13. Kxg2 Bf6 14. Nc4
cxd4 15. Bxd4 Bxd4 16. Qxd4 Nf6 17. Rfd1 Qe7 18. Qd6 Qb7+ 19. f3 Nd5 20. e4
Rfd8 21. Qe5 Ne7 22. Nd6 Qa6 23. Qb2 b5 24. Qe5 Ng6 25. Qc5 Rab8 26. Qc7 Rf8
27. Rd2 Qb6 28. Rc1 Qe3 29. Qc3 Qxc3 30. Rxc3 Rfd8 31. Rcc2 h6 32. f4 Ne7 33.
Kf2 Rb6 34. Nc8 Rxd2+ 35. Rxd2 Nxc8 36. Rd8+ Kh7 37. Rxc8 Ra6 38. Rc2 Kg6 39.
Ke3 Rd6 40. Rc7 Ra6 41. Rc2 Rd6 42. a4 bxa4 43. bxa4 Rd7 44. h3 Rb7 45. Rc3 Rb4
46. Ra3 Kf6 47. a5 a6 48. e5+ Kf5 49. g4+ 1/2-1/2

[Event "C.to Italiano U14"]
[Site "Montesilvano ITA"]
[Date "2015.07.01"]
[Round "3"]
[White "Benetti, Lorenzo"]
[Black "Di Benedetto, Edoardo"]
[WhiteElo "1791"]
[BlackElo "2231"]
[Result "0-1"]
[PlyCount "132"]
[EventDate "2015.06.29"]

1. d4 d5 2. c4 e6 3. Nf3 Nf6 4. e3 c6 5. Nc3 Nbd7 6. Qc2 a6 7. b3 Bd6 8. Bb2
O-O 9. Be2 Qe7 10. O-O e5 11. dxe5 Nxe5 12. cxd5 cxd5 13. Rfd1 Qc7 14. h3 Be6
15. Rac1 Rac8 16. Qb1 Qb8 17. Qa1 Rfd8 18. Kf1 Ng6 19. Nd4 Be5 20. Nf3 Bd6 21.
Nd4 Be7 22. Bd3 Qh2 23. Nxe6 fxe6 24. Bxg6 hxg6 25. Ne2 Rxc1 26. Rxc1 Qh1+ 27.
Ng1 Rf8 28. Bxf6 Bxf6 29. Qb1 Kh7 30. g3 Be5 31. f4 Bb8 32. Qc2 Ba7 33. Re1 e5
34. Qg2 Qxg2+ 35. Kxg2 e4 36. h4 Rc8 37. Re2 Rc3 38. Kf2 d4 39. exd4 Bxd4+ 40.
Kg2 Bxg1 41. Kxg1 Rxg3+ 42. Kh2 Rf3 43. Rxe4 Rf2+ 44. Kg3 Rxa2 45. Rb4 b5 46.
Kg4 Rg2+ 47. Kf3 Rh2 48. Kg3 Rc2 49. Kg4 Kh6 50. f5 Rb2 51. fxg6 Kxg6 52. Rd4
a5 53. Rd6+ Kh7 54. Ra6 Ra2 55. b4 Ra4 56. Rxa5 Rxb4+ 57. Kg5 Rb1 58. Kf4 Kh6
59. Ke3 Kh5 60. Kd2 Kxh4 61. Kc2 Rb4 62. Kc3 Rc4+ 63. Kb3 Rc5 64. Ra7 g5 65.
Kb4 Rf5 66. Rh7+ Kg3 0-1

[Event "C.to Italiano U14"]
[Site "Montesilvano ITA"]
[Date "2015.07.01"]
[Round "3"]
[White "Botta, Massimiliano"]
[Black "Lavorgna, Filippo"]
[WhiteElo "2031"]
[BlackElo "1767"]
[Result "1/2-1/2"]
[PlyCount "80"]
[EventDate "2015.06.29"]

1. e4 c6 2. d4 d5 3. f3 g6 4. Nc3 Bg7 5. Nge2 dxe4 6. fxe4 Nf6 7. Bg5 O-O 8.
Qd2 b5 9. e5 b4 10. exf6 bxc3 11. Nxc3 exf6 12. Be3 Ba6 13. O-O-O Bxf1 14.
Rhxf1 Nd7 15. g4 Nb6 16. Qd3 Nd5 17. Ne4 Re8 18. Bd2 Qd7 19. h3 Rad8 20. c4 Nb6
21. c5 Nd5 22. Nd6 Re7 23. Rde1 Nc7 24. Ba5 Rb8 25. Rxe7 Qxe7 26. Bxc7 Qxc7 27.
Qf3 Rd8 28. Re1 Qd7 29. Re4 Bf8 30. Qxf6 Bg7 31. Qf4 Bf8 32. Kc2 Bxd6 33. cxd6
Qxd6 34. Re8+ Kg7 35. Qxd6 Rxd6 36. Kc3 Rd5 37. Rc8 Rd6 38. Rc7 a5 39. Ra7 Rd5
40. Kc4 h5 1/2-1/2

[Event "C.to Italiano U14"]
[Site "Montesilvano ITA"]
[Date "2015.07.01"]
[Round "3"]
[White "Orfini, Nicolo'"]
[Black "Laico, Emanuele"]
[WhiteElo "1964"]
[BlackElo "1744"]
[Result "1-0"]
[PlyCount "43"]
[EventDate "2015.06.29"]

1. e4 c5 2. Nf3 a6 3. c4 e6 4. d4 cxd4 5. Nxd4 Nf6 6. Nc3 Qc7 7. Bd3 d6 8. O-O
Be7 9. Kh1 O-O 10. Qe2 Nbd7 11. f4 Re8 12. Bd2 Bf8 13. Rae1 e5 14. Nf3 exf4 15.
Bxf4 Ng4 16. Nd5 Qc6 17. Nd4 Qc5 18. Nb3 Qa7 19. Qxg4 Ne5 20. Qg3 Re6 21. Bxe5
Rg6 22. Qf3 1-0

[Event "C.to Italiano U14"]
[Site "Montesilvano ITA"]
[Date "2015.07.01"]
[Round "3"]
[White "Palozza, Christian"]
[Black "Mollace, Ruggero"]
[WhiteElo "1971"]
[BlackElo "1763"]
[Result "1-0"]
[PlyCount "83"]
[EventDate "2015.06.29"]

1. d4 d5 2. Nc3 Nc6 3. e4 e6 4. Nf3 Bb4 5. e5 h6 6. a3 Bxc3+ 7. bxc3 Nb8 8. Be3
c6 9. Bd3 b6 10. O-O Ba6 11. Ne1 Bxd3 12. Nxd3 Ne7 13. g4 Ng6 14. f4 Nf8 15. f5
exf5 16. gxf5 Rg8 17. Kh1 Nbd7 18. Qh5 Qe7 19. e6 Nf6 20. exf7+ Qxf7 21. Qe2
O-O-O 22. Ne5 Qb7 23. a4 Ne4 24. c4 Nd7 25. Ng6 Rde8 26. cxd5 Nc3 27. Qf3 Nxd5
28. Bd2 N7f6 29. c4 Nc7 30. Ne5 c5 31. Bc3 Qxf3+ 32. Rxf3 Ne4 33. Bb2 cxd4 34.
Bxd4 Rgf8 35. Rg1 Ng5 36. Rff1 Rg8 37. h4 Ne4 38. Rf4 Nd6 39. Rg6 Rd8 40. Nc6
Rd7 41. Rxd6 Rxd6 42. Ne7+ 1-0

[Event "C.to Italiano U14"]
[Site "Montesilvano ITA"]
[Date "2015.07.01"]
[Round "3"]
[White "Sonis, Francesco"]
[Black "D'Urbano, Gabriele"]
[WhiteElo "2241"]
[BlackElo "1801"]
[Result "1-0"]
[PlyCount "185"]
[EventDate "2015.06.29"]

1. Nf3 b6 2. g3 Bb7 3. Bg2 Nf6 4. c4 c5 5. Nc3 e6 6. O-O Be7 7. Re1 Ne4 8. Nxe4
Bxe4 9. d3 Bc6 10. e4 d6 11. d4 O-O 12. d5 exd5 13. cxd5 Bb7 14. Nd2 Nd7 15. f4
b5 16. a4 a6 17. b3 Bf6 18. Rb1 Bd4+ 19. Kh1 f5 20. Nf3 fxe4 21. Nxd4 cxd4 22.
Qxd4 Qb6 23. Qxe4 Rae8 24. Qxe8 Rxe8 25. Rxe8+ Kf7 26. Re1 bxa4 27. Be3 Qa5 28.
bxa4 Bxd5 29. Bxd5+ Qxd5+ 30. Kg1 Nc5 31. Bf2 Qc6 32. a5 Nd3 33. Re2 Nxf2 34.
Rxf2 Qc5 35. h3 Qe3 36. Rb7+ Kf6 37. Rb6 Qxg3+ 38. Rg2 Qe3+ 39. Kf1 Qc1+ 40.
Ke2 Qc4+ 41. Kf3 Qd5+ 42. Kg3 Qxa5 43. Rxd6+ Ke7 44. Rdd2 Qc3+ 45. Kh2 a5 46.
Rc2 Qd4 47. Rgf2 a4 48. Rcd2 Qc4 49. Rc2 Qd4 50. Rcd2 Qc4 51. Kg2 h6 52. Rf3
Kf7 53. Ra3 Kg6 54. Rf2 Qe4+ 55. Kg3 Kh7 56. Rfa2 Qg6+ 57. Kh2 Qe6 58. Rxa4 Qf5
59. Rg2 Qf7 60. Rd4 Qf6 61. Rgd2 Qf7 62. Kg1 Qg6+ 63. Rg2 Qb6 64. Rgd2 Qg6+ 65.
Kh2 Qf7 66. Ra4 Qb3 67. Re4 Qf7 68. Rf2 Qd5 69. Re3 Qf5 70. Rg3 Kh8 71. Rg4 Qc5
72. Rfg2 Qd4 73. Rc2 Qd6 74. Ra2 Qd5 75. Rgg2 Qe4 76. Raf2 Qf5 77. Rg3 Kh7 78.
Kg2 Qd5+ 79. Kh2 Qf5 80. Rf1 Qb5 81. Rfg1 Qb2+ 82. R1g2 Qf6 83. Rxg7+ Qxg7 84.
Rxg7+ Kxg7 85. Kg3 Kg6 86. Kg4 h5+ 87. Kf3 Kf5 88. Ke3 Ke6 89. Ke4 Kf6 90. h4
Ke6 91. f5+ Kf6 92. Kf4 Ke7 93. Ke4 1-0

[Event "C.to Italiano U14"]
[Site "Montesilvano ITA"]
[Date "2015.07.01"]
[Round "4"]
[White "Balzan, Alessandro"]
[Black "Savalla, Gianluca"]
[WhiteElo "1949"]
[BlackElo "1812"]
[Result "0-1"]
[PlyCount "146"]
[EventDate "2015.06.29"]

1. e4 d5 2. exd5 Qxd5 3. Nc3 Qd6 4. Nf3 Nf6 5. d4 a6 6. Bd3 Bg4 7. Be3 Nc6 8.
O-O O-O-O 9. Ne4 Nxe4 10. Bxe4 f5 11. Bxc6 Qxc6 12. Ne5 Qe6 13. Nxg4 fxg4 14.
Qe2 Rxd4 15. Rad1 Rd6 16. c4 g6 17. c5 Rxd1 18. Rxd1 Bh6 19. c6 b5 20. a4 Bxe3
21. axb5 Bxf2+ 22. Qxf2 axb5 23. Rc1 Qa2 24. Qe2 Qd5 25. Qxg4+ e6 26. h3 Rd8
27. Kh1 Rd6 28. Qf4 Rxc6 29. Qf8+ Kb7 30. Ra1 Ra6 31. Rc1 Qd7 32. Qf3+ c6 33.
Rd1 Qe7 34. Qb3 Ra8 35. Re1 Re8 36. Ra1 Ra8 37. Re1 e5 38. Qc3 e4 39. Rc1 Ra6
40. Re1 Ra4 41. b3 Ra3 42. Qc2 Qe5 43. Rc1 Qe6 44. Qc3 e3 45. Qg7+ Kb6 46. Qd4+
Kb7 47. Qg7+ Kb6 48. Qd4+ Kc7 49. Qg7+ Qd7 50. Qe5+ Qd6 51. Qxe3 Ra2 52. Rf1
Qd7 53. b4 Kb7 54. Qb3 Qd5 55. Qg3 Rd2 56. Rf8 Rd1+ 57. Kh2 Qd6 58. Rf7+ Kb6
59. Qxd6 Rxd6 60. Rxh7 Rd4 61. Rg7 Rxb4 62. Rxg6 Rh4 63. g3 Rh8 64. g4 b4 65.
Re6 Kb5 66. Kg3 b3 67. g5 b2 68. Re1 Kb4 69. h4 c5 70. g6 Rh6 71. Re4+ Kb5 72.
g7 b1=Q 73. g8=Q Qg1+ 0-1

[Event "C.to Italiano U14"]
[Site "Montesilvano ITA"]
[Date "2015.07.01"]
[Round "4"]
[White "Colombo, Roberto"]
[Black "Orfini, Nicolo'"]
[WhiteElo "1873"]
[BlackElo "1964"]
[Result "0-1"]
[PlyCount "120"]
[EventDate "2015.06.29"]

1. e4 d6 2. d4 Nf6 3. Nc3 g6 4. Be2 Bg7 5. h4 h5 6. Bg5 Nbd7 7. Qd2 c6 8. O-O-O
Nh7 9. Be3 Qa5 10. Kb1 b5 11. Re1 Bb7 12. f4 Nb6 13. Nf3 Rd8 14. Rhf1 b4 15.
Nd1 Nf6 16. Ng5 c5 17. d5 Bh6 18. Bd3 Rc8 19. c4 Bxg5 20. fxg5 Ng4 21. Bf4 Nd7
22. Nf2 Nge5 23. b3 Kd8 24. Bc2 Kc7 25. Nd3 f6 26. Bxe5 dxe5 27. Bd1 Rcf8 28.
Qe3 Bc8 29. Qg3 Rhg8 30. Rf2 Qb6 31. Ref1 Qd6 32. Qe3 a5 33. g4 hxg4 34. Bxg4
Kb6 35. Qg3 f5 36. exf5 e4 37. Qxd6+ exd6 38. Ne1 Ne5 39. Bh3 Rf7 40. Rf4 gxf5
41. Ng2 Nd3 42. Ne3 Nxf4 43. Rxf4 Rh8 44. Kc2 Bd7 45. Kd2 Kc7 46. Ng2 a4 47.
Ke3 axb3 48. axb3 Kd8 49. Rf2 f4+ 50. Nxf4 Rxf4 51. Rxf4 Bxh3 52. Rxe4 Bf5 53.
Rf4 Bc2 54. Kf3 Ke7 55. Kg4 Bxb3 56. g6 Bd1+ 57. Kh3 Rg8 58. Rf7+ Ke8 59. Rf6
Bh5 60. Rxd6 Rxg6 0-1

[Event "C.to Italiano U14"]
[Site "Montesilvano ITA"]
[Date "2015.07.01"]
[Round "4"]
[White "Di Benedetto, Edoardo"]
[Black "Corona, Rafaele"]
[WhiteElo "2231"]
[BlackElo "1844"]
[Result "1-0"]
[PlyCount "103"]
[EventDate "2015.06.29"]

1. e4 d5 2. exd5 Qxd5 3. Nc3 Qd6 4. Bc4 Nf6 5. d3 a6 6. a4 Nc6 7. Nge2 Bg4 8.
f3 Bd7 9. O-O e5 10. Kh1 Be6 11. Bxe6 Qxe6 12. Bg5 Be7 13. Bxf6 gxf6 14. f4
O-O-O 15. f5 Qd7 16. Ne4 Nd4 17. Nxd4 Qxd4 18. b3 Rhg8 19. Qe2 Rg7 20. Qf2 c5
21. Rad1 Rg4 22. Rde1 Qd5 23. Qf3 Rdg8 24. Nxf6 Qxf3 25. gxf3 Bxf6 26. fxg4
Rxg4 27. Re4 Rg8 28. Rg1 Rd8 29. Kg2 Kd7 30. Kf3 Ke7 31. Rb1 a5 32. Rg1 h6 33.
Ke2 b6 34. Rg3 Kd6 35. c3 Kd5 36. Rg1 Kd6 37. Reg4 Bg5 38. d4 Re8 39. Re4 Bf6
40. dxe5+ Rxe5 41. Rd1+ Kc6 42. Rxe5 Bxe5 43. c4 Bxh2 44. Kf3 Be5 45. Rh1 f6
46. Rxh6 Kd6 47. Kg4 Ke7 48. Kh5 Bf4 49. Rh7+ Kd6 50. Kg6 Bg5 51. Rb7 Kc6 52.
Rf7 1-0

[Event "C.to Italiano U14"]
[Site "Montesilvano ITA"]
[Date "2015.07.01"]
[Round "4"]
[White "Esposti, Federico"]
[Black "Palozza, Christian"]
[WhiteElo "1888"]
[BlackElo "1971"]
[Result "1-0"]
[PlyCount "119"]
[EventDate "2015.06.29"]

1. e4 c6 2. d4 d5 3. Nc3 dxe4 4. Nxe4 Bf5 5. Ng3 Bg6 6. N1e2 h6 7. Nf4 Bh7 8.
Bc4 Nf6 9. O-O Nd5 10. Bxd5 cxd5 11. Qh5 Bxc2 12. Qxd5 Qxd5 13. Nxd5 Kd8 14.
Bf4 Na6 15. Rac1 Ba4 16. h4 Bc6 17. Ne3 Nb4 18. Rfd1 e6 19. a3 Nd5 20. Nxd5
Bxd5 21. Ne2 Be7 22. Bg3 f6 23. Nf4 Re8 24. Nxd5 exd5 25. Rc7 Rb8 26. Rdc1 g5
27. h5 a6 28. Kh2 b5 29. Ra7 Rc8 30. Rxc8+ Kxc8 31. Rxa6 Bd8 32. Rc6+ Kb7 33.
Rc5 Bb6 34. Rxd5 Rd8 35. Rxb5 Kc6 36. a4 Bxd4 37. Kg1 Ra8 38. b3 Re8 39. Kf1
Bc5 40. f3 Bd4 41. Bf2 Bb2 42. Rc5+ Kd6 43. Rc2 Ba3 44. Rc4 Bb2 45. b4 Ra8 46.
a5 Be5 47. Bb6 Kd7 48. Ke2 Bd6 49. Bc5 Bf4 50. Re4 Be5 51. Bd4 Bxd4 52. Rxd4+
Kc6 53. Kd3 Ra7 54. Kc4 Re7 55. b5+ Kb7 56. Re4 Rc7+ 57. Kd5 Rc2 58. Re7+ Kb8
59. Rh7 Rxg2 60. Rxh6 1-0

[Event "C.to Italiano U14"]
[Site "Montesilvano ITA"]
[Date "2015.07.01"]
[Round "4"]
[White "Wang, Cesare"]
[Black "Sonis, Francesco"]
[WhiteElo "1920"]
[BlackElo "2241"]
[Result "0-1"]
[PlyCount "68"]
[EventDate "2015.06.29"]

1. d4 Nf6 2. c4 c5 3. d5 b5 4. cxb5 a6 5. bxa6 g6 6. Nc3 Bxa6 7. g3 d6 8. Bg2
Bg7 9. Nf3 Nfd7 10. O-O Nb6 11. Qc2 O-O 12. Rd1 N8d7 13. b3 Bxe2 14. Qxe2 Bxc3
15. Bb2 Bxb2 16. Qxb2 Nf6 17. Ne1 Ra7 18. Nc2 Qa8 19. Ne3 Rb8 20. Qc2 Ra5 21.
Rd2 Rb7 22. Bf1 Rba7 23. Nc4 Nxc4 24. Bxc4 Nd7 25. Bd3 Nb6 26. Be4 c4 27. bxc4
Rc5 28. Rd4 Rac7 29. Qb3 Nxc4 30. Rb1 Qa5 31. Rc1 Ne3 32. Qb8+ Kg7 33. Qb2
Rxc1+ 34. Rd1+ Qc3 0-1

[Event "C.to Italiano U14"]
[Site "Montesilvano ITA"]
[Date "2015.07.02"]
[Round "5"]
[White "Agnello, Francesco Claudio"]
[Black "Lavorgna, Filippo"]
[WhiteElo "1941"]
[BlackElo "1767"]
[Result "1/2-1/2"]
[PlyCount "32"]
[EventDate "2015.06.29"]

1. e4 e5 2. Nf3 Nc6 3. d4 exd4 4. Nxd4 Nf6 5. Nc3 Bb4 6. Nxc6 bxc6 7. Bd3 d5 8.
exd5 cxd5 9. O-O O-O 10. Bg5 Be6 11. Bxf6 Qxf6 12. Nxd5 Bxd5 13. Qh5 g6 14.
Qxd5 Qxb2 15. h4 Qf6 16. h5 Rad8 1/2-1/2

[Event "C.to Italiano U14"]
[Site "Montesilvano ITA"]
[Date "2015.07.02"]
[Round "5"]
[White "Loiacono, Antonio"]
[Black "Iannello, Andrea"]
[WhiteElo "1873"]
[BlackElo "1985"]
[Result "0-1"]
[PlyCount "154"]
[EventDate "2015.06.29"]

1. e4 c5 2. Nf3 d6 3. d4 Nf6 4. Nc3 cxd4 5. Nxd4 a6 6. Be2 e5 7. Nb3 Be7 8. O-O
Be6 9. f4 Qc7 10. a4 O-O 11. Kh1 Rd8 12. a5 d5 13. fxe5 Nxe4 14. Na4 Nd7 15.
Be3 Bg5 16. Bxg5 Nxg5 17. Bd3 Qxe5 18. Re1 Ne4 19. Qf3 Bg4 20. Qe3 Re8 21. c4
Nef6 22. Qd2 Qh5 23. c5 Bf5 24. Bxf5 Qxf5 25. Nd4 Qg6 26. Rf1 Ne4 27. Qf4 Ndxc5
28. Nb6 Rad8 29. Qf5 Qxf5 30. Rxf5 Nf6 31. h3 Ne6 32. Rd1 Nxd4 33. Rxd4 Re4 34.
Rd2 d4 35. Na4 Re1+ 36. Kh2 Ne4 37. Rd3 Re3 38. Rf3 Rxd3 39. Rxd3 f5 40. g3 Kf7
41. Kg2 Kf6 42. Kf3 Ke5 43. h4 g5 44. hxg5 Nxg5+ 45. Kf2 Rc8 46. b4 Rc2+ 47.
Kf1 Ke4 48. Rb3 Ne6 49. Nb2 f4 50. gxf4 Nxf4 51. Na4 Ne6 52. Rh3 Rc1+ 53. Kf2
Rc4 54. Rh4+ Nf4 55. Nc5+ Ke5 56. Rxh7 Rxb4 57. Rxb7 Rxb7 58. Nxb7 Kd5 59. Nd8
Kc5 60. Kf3 Nd5 61. Ke2 Kc4 62. Kd2 Nb4 63. Nb7 Nc6 64. Nd6+ Kb4 65. Kd3 Kxa5
66. Kc4 Ka4 67. Nb7 Na5+ 68. Kxd4 Nxb7 69. Kc3 Kb5 70. Kb3 a5 71. Ka3 a4 72.
Ka2 Kb4 73. Ka1 Kb3 74. Kb1 Nd6 75. Ka1 Nf5 76. Kb1 Ne3 77. Ka1 a3 0-1

[Event "C.to Italiano U14"]
[Site "Montesilvano ITA"]
[Date "2015.07.02"]
[Round "5"]
[White "Orfini, Nicolo'"]
[Black "Di Benedetto, Edoardo"]
[WhiteElo "1964"]
[BlackElo "2231"]
[Result "1/2-1/2"]
[PlyCount "37"]
[EventDate "2015.06.29"]

1. e4 e6 2. d4 d5 3. Nc3 Nf6 4. Bg5 Bb4 5. e5 h6 6. Bd2 Bxc3 7. bxc3 Ne4 8. Bd3
Nxd2 9. Qxd2 c5 10. Nf3 c4 11. Be2 O-O 12. O-O b5 13. h3 a5 14. a3 Nc6 15. Nh2
Rb8 16. f4 Qh4 17. Qe3 Bd7 18. Kh1 Ne7 19. Bg4 1/2-1/2

[Event "C.to Italiano U14"]
[Site "Montesilvano ITA"]
[Date "2015.07.02"]
[Round "5"]
[White "Savalla, Gianluca"]
[Black "Loiacono, Leonardo"]
[WhiteElo "1812"]
[BlackElo "1840"]
[Result "1/2-1/2"]
[PlyCount "67"]
[EventDate "2015.06.29"]

1. d4 Nf6 2. Bg5 c5 3. Bxf6 gxf6 4. d5 Qb6 5. Qc1 f5 6. c4 Bg7 7. Nc3 d6 8. e3
Nd7 9. Nf3 Ne5 10. Nxe5 Bxe5 11. Bd3 Bd7 12. Qc2 f4 13. e4 Qa5 14. O-O-O O-O-O
15. Kb1 h5 16. g3 Bg4 17. Be2 Bxc3 18. Bxg4+ hxg4 19. Qxc3 Qxc3 20. bxc3 f3 21.
h4 gxh3 22. Rd3 Rdg8 23. Rxf3 Rg4 24. Re3 Kd7 25. Kc2 f5 26. exf5 Rxc4 27. f4
Rh5 28. Kb3 b5 29. g4 Rh4 30. Rhxh3 Rxh3 31. Rxh3 Rxf4 32. Rg3 Ke8 33. Kc2 a5
34. a3 1/2-1/2

[Event "C.to Italiano U14"]
[Site "Montesilvano ITA"]
[Date "2015.07.02"]
[Round "5"]
[White "Sonis, Francesco"]
[Black "Esposti, Federico"]
[WhiteElo "2241"]
[BlackElo "1888"]
[Result "1/2-1/2"]
[PlyCount "114"]
[EventDate "2015.06.29"]

1. e4 c5 2. c3 d5 3. exd5 Qxd5 4. d4 e6 5. Nf3 Nf6 6. Na3 Nc6 7. Nb5 Qd8 8.
dxc5 Bxc5 9. Qxd8+ Kxd8 10. Bf4 Nh5 11. Bc7+ Ke7 12. b4 Bb6 13. Bd6+ Ke8 14.
Ne5 Nxe5 15. Bxe5 a6 16. Nd6+ Ke7 17. Nc4 Bd8 18. Bd4 Bc7 19. Bc5+ Ke8 20.
O-O-O b5 21. Nd6+ Bxd6 22. Rxd6 Nf6 23. Rd4 Bb7 24. c4 bxc4 25. Bxc4 Bd5 26.
Be2 Nd7 27. Re1 Nxc5 28. bxc5 Kd7 29. Bf3 Kc6 30. Bxd5+ exd5 31. Re7 Rhf8 32.
Rg4 g6 33. Rh4 h5 34. Rf4 Rae8 35. Rf6+ Kxc5 36. Rc7+ Kd4 37. Kd2 Re6 38. Rf4+
Ke5 39. Rfxf7 Rxf7 40. Rxf7 Rf6 41. Rxf6 Kxf6 42. Ke3 Ke5 43. f4+ Kf5 44. Kf3
d4 45. g3 g5 46. fxg5 Kxg5 47. Ke4 Kg4 48. Kxd4 Kh3 49. Ke3 Kxh2 50. Kf2 Kh1
51. a4 a5 52. g4 h4 53. g5 h3 54. g6 h2 55. Ke2 Kg1 56. g7 h1=Q 57. g8=R+ Qg2+
1/2-1/2